000 00883nam a2200265Ia 4500
003 OSt
005 20220923211543.0
006 a|||||r|||| 00| 0
007 ta
008 220922b |||||||| |||| 00| 0 pan d
020 _a9789383437160 (hbk)
_c395
024 _a335,813
037 _b1023, 08/03/2018, H.K. Prakashan
_cTextual
040 _aARTS
_cARTS
_bpan
041 _2pan
_apan
082 _aO153,1NHAx, Q7
100 _aਨਾਹਰ, ਸ. ਸ., ਂਚ.
_9160758
245 0 _aਸਮਾਜਿਕ ਕ੍ਰਾਂਤੀ
260 _aਚੰਡੀਗੜ
_b ਯੂਨੀਸਟਾਰ
_c2017
300 _a200ਪ0
_ccm.
650 _a ਪੰਜਾਬੀ ਕਾਵਿ
650 _aਪੰਜਾਬੀ ਸਾਹਿਤ
942 _hO153,1NHAx, Q7
_cTEXL
_2CC
999 _c300703
_d300703